Bytový dom
Salvato in:
| Autore principale: | |
|---|---|
| Altri autori: | |
| Natura: | Manoscritto Libro |
| Lingua: | slovacco |
| Pubblicazione: |
2025
|
| Soggetti: | |
| Accesso online: | http://is.stuba.sk/zp/portal_zp.pl?podrobnosti=174785 CRZP |
| Tags: |
Nessun Tag, puoi essere il primo ad aggiungerne!!
|
MARC
| LEADER | 00000ntm a22000003a 4500 | ||
|---|---|---|---|
| 001 | stuzp105393 | ||
| 003 | SK-STU | ||
| 005 | 20250725111033.1 | ||
| 007 | ta | ||
| 008 | 150427s2015----xo-----f-mn---000-0-slo-d | ||
| 040 | |a STU |b slo | ||
| 041 | 0 | |a slo | |
| 100 | 1 | |a Klopan, Damián |u 010270 |4 aut |U SvF Stavebná fakulta |T SvF Katedra technológie stavieb |X 120310 |U V270 |Y 28 |7 120310 | |
| 242 | 0 | 1 | |a Residential house |y eng |
| 245 | 1 | 0 | |a Bytový dom |
| 260 | |c 2025 | ||
| 650 | 4 | |a Korková podlaha |2 slo | |
| 650 | 4 | |a Technologický postup |2 slo | |
| 650 | 4 | |a Korok |2 slo | |
| 650 | 4 | |a Cork flooring |2 eng | |
| 650 | 4 | |a Technological process |2 eng | |
| 650 | 4 | |a Cork |2 eng | |
| 700 | 1 | |a Bisták, Andrej |u 901131 |k Z7 |4 ths |U Rektorát STU |T Útvar práce s verejnosťou |X 66824 |U 901131 |Y 299 |7 A000066824 | |
| 856 | 4 | |u http://is.stuba.sk/zp/portal_zp.pl?podrobnosti=174785 | |
| 856 | 4 | |u https://opac.crzp.sk/?fn=detailBiblioForm&sid=C9A1C75A261DD259F9814C1E26A3 |z CRZP | |